Licensure examination for teachers reviewer: (Record no. 2412)

MARC details
000 -LEADER
fixed length control field 00586nam a22001817a 4500
005 - DATE AND TIME OF LATEST TRANSACTION
control field 20250403054616.0
008 - FIXED-LENGTH DATA ELEMENTS--GENERAL INFORMATION
fixed length control field 250403b |||||||| |||| 00| 0 eng d
020 ## - INTERNATIONAL STANDARD BOOK NUMBER
International Standard Book Number 978-971-9908-17-3
082 ## - DEWEY DECIMAL CLASSIFICATION NUMBER
Classification number Fil. 510.76 C744 2015
100 ## - MAIN ENTRY--PERSONAL NAME
Personal name Concepcion, Benjamin P., Jr.
245 ## - TITLE STATEMENT
Title Licensure examination for teachers reviewer:
Remainder of title mathematics /
Statement of responsibility, etc. Benjamin P. Concepcion Jr.
250 ## - EDITION STATEMENT
Edition statement 2015 ed.
260 ## - PUBLICATION, DISTRIBUTION, ETC.
Place of publication, distribution, etc. Manila:
Name of publisher, distributor, etc. MET Review Publishing House,
Date of publication, distribution, etc. c2015
300 ## - PHYSICAL DESCRIPTION
Extent 156p.
541 ## - IMMEDIATE SOURCE OF ACQUISITION NOTE
Accession number 7795 c.1
650 ## - SUBJECT ADDED ENTRY--TOPICAL TERM
Topical term or geographic name entry element Mathematics - Problems, exercises, etc.
650 ## - SUBJECT ADDED ENTRY--TOPICAL TERM
Topical term or geographic name entry element Teachers - Examinations
Holdings
Withdrawn status Lost status Source of classification or shelving scheme Damaged status Not for loan Home library Current library Date acquired Total Checkouts Full call number Barcode Date last seen Copy number Price effective from Koha item type
    Dewey Decimal Classification     ctu-moalboal ctu-moalboal 04/18/2024   Fil. 510.76 C744 2015 7795 04/03/2025 1 04/03/2025 Books-Filipiniana